Iniciación al vocabulario del análisis histórico

Gespeichert in:
Bibliographische Detailangaben
1. Verfasser: Vilar, Pierre (VerfasserIn)
Format: Buch
Sprache:Spanisch
Veröffentlicht: Barcelona Crítica 1982
Ausgabe:4a. ed
Schriftenreihe:General, 61
Schlagworte:
Tags: Tag hinzufügen
Keine Tags, Fügen Sie den ersten Tag hinzu!

MARC

LEADER 00000nam a2200000 a 4500
001 UCP8565
003 CL-VaPUC
008 000303e19820000SP |||||||||||||||||spa|d
082 0 4 |a 907.2  |b VIL  |2 21 
100 0 |a Vilar, Pierre  |e author  |9 438611 
245 1 0 |a Iniciación al vocabulario del análisis histórico 
250 |a 4a. ed 
300 |a 315 p 
942 |c BK 
945 |d 20000303 00:00:00  |a rherrera 
260 |a Barcelona  |b Crítica  |c 1982 
650 0 |a Historiografía   |9 257871 
650 0 |a Vocabulario  |9 345405 
650 0 |a Clases sociales  |9 256858 
650 7 |a PUEBLOS  |2 CL-VaPUC  |9 361304 
650 7 |a CASPITALISMO  |2 CL-VaPUC  |9 438612 
650 7 |a ECONOMIA CAMPESINA  |2 CL-VaPUC  |9 403583 
583 |a last modification  |c 20000303 00:00:00  |k Rodrigo Vera 
490 0 |a General, 61 
999 |c 285457  |d 285455 
952 |0 0  |1 0  |4 0  |6 907_200000000000000_VIL_1982  |7 0  |8 A  |9 330091  |a BIBHIS  |b BIBHIS  |d 2019-11-20  |i 1392727  |o 907.2 VIL 1982  |p 1392727  |r 2025-01-20  |w 2019-11-20  |y BK  |k HIS